| 000 | 00889nam a2200229 a 4500 | ||
|---|---|---|---|
| 005 | 20210223133621.0 | ||
| 008 | 180731s2017 mx r 000 0 spa d | ||
| 020 | _a9786079470968 | ||
| 035 | _aUPN01000225909 | ||
| 049 | _aCG | ||
| 050 | 4 |
_aF548.9 M5 _bB3.2 |
|
| 100 | 1 |
_aBada, Xóchitl, _d1972- _942357 |
|
| 245 | 1 | 0 |
_aAsociaciones de oriundos mexicanos en "Chicagoacán" : _bdel compromiso cívico local a la acción trasnacional / _cXóchitl Bada ; tr. Cecilia Erandi López Aguilar. |
| 260 |
_aZamora, Mich. : _bEl Colegio de Michoacán, _c2017. |
||
| 300 | _a278 p. | ||
| 440 | 0 | _aInvestigaciones | |
| 534 |
_pTítulo original: _tMexican hometown associaions in Chicagoacán : from local to transnational civic engagement |
||
| 650 | 4 |
_aMEXICANOS EN CHICAGO, ESTADOS UNIDOS _927235 |
|
| 650 | 4 |
_aINMIGRANTES - _xSOCIEDADES Y CLUBES _927234 |
|
| 905 | _aLibro | ||
| 999 |
_c198005 _d198005 |
||